000 01216nam0a22002651 4500
001 rc\4180247
005 20130415192317.7
021 _aRU
_b[53-29182]
035 _a(NLR Aleph) 008189728
090 _a7967958
_c7967958
100 _a20130415d1953 |||y0rusy50 ca
101 0 _arus
102 _aRU
105 _ay c |||||
200 1 _aЧто читать сталевару электропечи
_eРек. указатель литературы
_f[Под ред. канд. техн. наук С.М. Гнучева]
_gЦентр. науч.-техн. б-ка металлург. пром-сти. Отд. библиографии
210 _aМосква
_cМеталлургиздат
_d1953
215 _a16 с.
_d20
606 _aСталь
_xЭлектроплавка
_jБиблиография
_2psbo
702 1 _aГнучев
_bС. М.
_gСергей Митрофанович
_4340
712 0 2 _aЦентральная науч.-техн. б-ка металлургической промышленности
_cМосква
_bОтдел библиографии
_3RU\NLR\AUTH\889964992
801 0 _aRU
_bNLR
_gpsbo
801 1 _aRU
_bELAR
_2rusmarc
852 _aNLR
_jС337-660/4-80
942 _cBOOK
980 _aNB